Amiens - Choix multiples - Statistiques

Statistiques générales
  • Ce quiz a été pris 274 fois
  • Le résultat moyen est 7 sur 10
Statistiques - réponses
Question Réponse % Correct
Quel président de la République française est né et a passé toute son enfance à Amiens ? Emanuel Macron
94%
Par quel nom désigne-t-on l'ensemble de jardins qui s'étendent au cœur de la ville et sur 3 communes frontalières ? Les hortillonnages
89%
Quel écrivain célèbre, décédé à Amiens où il a été conseiller municipal, a donné son nom à de nombreux éléments de la ville comme le cirque municipal, le réseau de bus (par le biais d'un personnage) et l'université ? Jules Verne
87%
Quel est le nom du principal journal ayant son siège à Amiens ? Le Courrier Picard
87%
Quel animal légendaire donne son nom au principal stade de football de la ville ? La Licorne
86%
Quel bâtiment amiénois est le plus vaste du genre en France ? La Cathédrale Notre-Dame
83%
Dans quel sport collectif l'équipe amiénoise appelée "Les Gothiques" est-elle en première division ? Hockey sur glace
80%
Dans quel sport Jérémy Stravius, Maxime Grousset ou encore Mélanie Henique (tous licenciés à Amiens au cours de leur carrière) se sont-ils illustrés ? Natation
68%
Pour quel roman est resté célèbre l'Amiénois Choderlos de Laclos ? Les Liaisons dangereuses
43%
Lequel de ces monuments est inscrit au patrimoine mondial de l'UNESCO Le Beffroi
31%
Aucun quiz correspondant
Distribution des résultats
% des personnes avec chaque résultat
Percentile par nombre de réponses
Votre historique - résultats
Vous n’avez pas pris ce quiz